| 000 | 00536nam a22001817a 4500 | ||
|---|---|---|---|
| 005 | 20251108172229.0 | ||
| 008 | 250721s1982 xx 000 0 ara d | ||
| 082 | 1 | 4 | _aم/937/سيد |
| 100 | 1 | _aالعريني، السيد الباز | |
| 245 | 1 | 0 | _aالدولة البيزنطية 323 - 1081م / |
| 264 | 1 |
_aبيروت : _bدار النهضة العربية، _c1982. |
|
| 300 | _a931ص | ||
| 650 | 1 | 7 | _aروما |
| 650 | 1 | 7 | _aالتاريخ |
| 650 | 1 | 7 | _aالحضارة الرومانية |
| 942 |
_2ddc _cREF |
||
| 999 |
_c73732 _d73732 |
||